[Event "XXXIII Mitropa Cup"]
[Site "Ruzomberok SVK"]
[Date "2014.05.24"]
[Round "2.1"]
[White "Brunello, Sabino"]
[Black "Ruck, Robert"]
[WhiteElo "2582"]
[BlackElo "2572"]
[Result "1/2-1/2"]
[Annotator "ITA-HUN"]
[PlyCount "50"]
[EventDate "2014.05.23"]

1. d4 Nf6 2. c4 e6 3. Nc3 Bb4 4. e3 O-O 5. Nge2 Re8 6. a3 Bf8 7. Ng3 d5 8. Be2
c5 9. dxc5 dxc4 10. Qc2 Bxc5 11. Bxc4 Nbd7 12. O-O Ne5 13. Be2 Bd7 14. Nge4 Be7
15. Nxf6+ Bxf6 16. Ne4 Rc8 17. Qd1 Be7 18. Nd6 Bxd6 19. Qxd6 Rc2 20. Bd1 Qc7
21. Qxc7 Rxc7 22. Be2 Rc2 23. Bd1 Rc7 24. Be2 Rc2 25. Bd1 Rc7 1/2-1/2

[Event "XXXIII Mitropa Cup"]
[Site "Ruzomberok SVK"]
[Date "2014.05.24"]
[Round "2.2"]
[White "Acs, Peter"]
[Black "Dvirnyy, Danyyil"]
[WhiteElo "2573"]
[BlackElo "2560"]
[Result "1/2-1/2"]
[Annotator "ITA-HUN"]
[PlyCount "61"]
[EventDate "2014.05.23"]

1. e4 e5 2. Nf3 Nc6 3. Nc3 Nf6 4. Bb5 Bd6 5. a3 Nd4 6. Bc4 O-O 7. d3 Nxf3+ 8.
Qxf3 Be7 9. O-O d6 10. Be3 Bg4 11. Qg3 Qd7 12. f3 Be6 13. Rad1 Rfe8 14. Bxe6
Qxe6 15. d4 g6 16. Qe1 c6 17. Qf2 a6 18. dxe5 dxe5 19. Na4 Nd7 20. Rd3 Rad8 21.
Rfd1 b5 22. Nc5 Nxc5 23. Bxc5 Rxd3 24. Rxd3 Rd8 25. Rxd8+ Bxd8 26. Qd2 Be7 27.
Bxe7 Qxe7 28. b4 h5 29. g3 h4 30. Kg2 hxg3 31. hxg3 1/2-1/2

[Event "XXXIII Mitropa Cup"]
[Site "Ruzomberok SVK"]
[Date "2014.05.24"]
[Round "2.3"]
[White "Godena, Michele"]
[Black "Hera, Imre jr"]
[WhiteElo "2528"]
[BlackElo "2559"]
[Result "1/2-1/2"]
[Annotator "ITA-HUN"]
[PlyCount "60"]
[EventDate "2014.05.23"]

1. e4 c5 2. Nf3 e6 3. c3 Nf6 4. e5 Nd5 5. Bc4 d6 6. d4 cxd4 7. cxd4 Be7 8. O-O
O-O 9. Bd2 Nc6 10. Nc3 Nxc3 11. Bxc3 dxe5 12. dxe5 b6 13. Qa4 Bb7 14. Rfd1 Qe8
15. Be2 Rd8 16. Qf4 Rxd1+ 17. Rxd1 Qa8 18. Ng5 Bxg5 19. Qxg5 h6 20. Qh4 Rd8 21.
Rxd8+ Nxd8 22. f3 Bd5 23. Qa4 Nc6 24. h3 Qb8 25. Bd3 Qf8 26. Kh2 Qc5 27. Bb5
Nd8 28. Bd3 Nc6 29. Bb5 Ne7 30. Bd3 Nc6 1/2-1/2

[Event "XXXIII Mitropa Cup"]
[Site "Ruzomberok SVK"]
[Date "2014.05.24"]
[Round "2.4"]
[White "Szabo, Krisztian"]
[Black "Rombaldoni, Denis"]
[WhiteElo "2543"]
[BlackElo "2485"]
[Result "1/2-1/2"]
[Annotator "ITA-HUN"]
[PlyCount "120"]
[EventDate "2014.05.23"]

1. e4 c6 2. d4 d5 3. Nc3 dxe4 4. Nxe4 Bf5 5. Ng3 Bg6 6. h4 h6 7. Nf3 Nf6 8. Ne5
Bh7 9. Bd3 Bxd3 10. Qxd3 e6 11. Bd2 Be7 12. O-O-O O-O 13. f4 c5 14. dxc5 Qxd3
15. Nxd3 Nbd7 16. b4 a5 17. a3 axb4 18. axb4 Rfc8 19. Kb2 b6 20. Ra1 bxc5 21.
Rxa8 Rxa8 22. bxc5 Nxc5 23. Nxc5 Bxc5 24. c3 Nd5 25. Ne4 Ba3+ 26. Kb3 Be7 27.
g3 Ra3+ 28. Kb2 Nb6 29. Kc2 f5 30. Nf2 Ra2+ 31. Kd3 Bf6 32. Nd1 Na4 33. Be3 Ra3
34. Bd4 Bxd4 35. Kxd4 Ra2 36. Re1 Rd2+ 37. Ke3 Rd6 38. c4 Nc5 39. Nf2 Kf7 40.
Rb1 Rc6 41. Kd4 Kg6 42. Rb5 Nd7 43. c5 Kh5 44. Nd3 Rc7 45. Ne5 Nxe5 46. Kxe5
Rc6 47. Kd4 Kg4 48. Rb3 g5 49. Rb6 Rc8 50. Rxe6 gxf4 51. gxf4 h5 52. Rh6 Kxf4
53. Rxh5 Rd8+ 54. Kc4 Rf8 55. c6 Kg4 56. Rh7 f4 57. c7 f3 58. Rf7 Rc8 59. Kd5
Kxh4 60. Ke4 f2 1/2-1/2

[Event "XXXIII Mitropa Cup"]
[Site "Ruzomberok SVK"]
[Date "2014.05.25"]
[Round "3.2"]
[White "Dvirnyy, Danyyil"]
[Black "Kreisl, Robert"]
[WhiteElo "2560"]
[BlackElo "2415"]
[Result "0-1"]
[Annotator "ITA-AUT"]
[PlyCount "64"]
[EventDate "2014.05.23"]

1. c4 c5 2. g3 g6 3. Bg2 Bg7 4. Nc3 Nc6 5. Nf3 d6 6. O-O Bf5 7. d3 Qd7 8. Rb1
Bh3 9. Bxh3 Qxh3 10. Nd5 Qd7 11. Bd2 e6 12. Bc3 f6 13. Ne3 e5 14. Nd5 Nge7 15.
Nxe7 Nxe7 16. b4 b6 17. bxc5 dxc5 18. a4 Rd8 19. a5 Nc8 20. Qc2 O-O 21. Rfd1
Qe6 22. Nd2 Bh6 23. Nf1 f5 24. axb6 axb6 25. Bd2 f4 26. Kg2 g5 27. Be1 g4 28.
Kg1 Qg6 29. Nd2 f3 30. Ne4 Qh5 31. exf3 gxf3 32. h4 Qg4 0-1

[Event "XXXIII Mitropa Cup"]
[Site "Ruzomberok SVK"]
[Date "2014.05.25"]
[Round "3.3"]
[White "Diermair, Andreas"]
[Black "Godena, Michele"]
[WhiteElo "2451"]
[BlackElo "2528"]
[Result "1/2-1/2"]
[Annotator "ITA-AUT"]
[PlyCount "62"]
[EventDate "2014.05.23"]

1. d4 d5 2. c4 c6 3. Nf3 Nf6 4. Nc3 e6 5. Bg5 Nbd7 6. e3 Qa5 7. cxd5 exd5 8.
Bd3 Ne4 9. O-O Nxg5 10. Nxg5 Nf6 11. Qc2 h6 12. Nf3 Bd6 13. h3 Qc7 14. Rab1 Qe7
15. Rfe1 O-O 16. a3 Bd7 17. Nh4 Rfe8 18. Nf5 Bxf5 19. Bxf5 g6 20. Bd3 h5 21.
Qd2 Kg7 22. e4 dxe4 23. Nxe4 Nxe4 24. Rxe4 Qf6 25. Rbe1 Rxe4 26. Rxe4 Rd8 27.
Bc4 Rd7 28. a4 Re7 29. Rxe7 Qxe7 30. Qe3 Qf6 31. b3 h4 1/2-1/2

[Event "XXXIII Mitropa Cup"]
[Site "Ruzomberok SVK"]
[Date "2014.05.25"]
[Round "3.4"]
[White "Rombaldoni, Axel"]
[Black "Froewis, Georg"]
[WhiteElo "2510"]
[BlackElo "2438"]
[Result "1-0"]
[Annotator "ITA-AUT"]
[PlyCount "99"]
[EventDate "2014.05.23"]

1. e4 e6 2. d4 d5 3. Nc3 Bb4 4. a3 Bxc3+ 5. bxc3 dxe4 6. Qg4 Nf6 7. Qxg7 Rg8 8.
Qh6 c5 9. Ne2 cxd4 10. cxd4 Nc6 11. Bb2 Bd7 12. O-O-O Ng4 13. Qf4 Qg5 14. Re1
Nxf2 15. Rg1 Ng4 16. Qxg5 Rxg5 17. h3 Nh2 18. Nc3 Nf3 19. Nxe4 Rg6 20. gxf3
Rxg1 21. d5 exd5 22. Nf6+ Kd8 23. Nxd5 Be6 24. c4 Rc8 25. Bf6+ Kd7 26. Bc3 Kd6
27. Kb2 a5 28. Bd2 Rd8 29. h4 Rh1 30. Bg5 Rh8 31. Bf4+ Kd7 32. Rd1 Bh3 33. Nb6+
Ke7 34. Rd6 Rd8 35. Nd5+ Kf8 36. Rxd8+ Nxd8 37. Bd3 Bf1 38. Bd6+ Kg7 39. Be5+
Kf8 40. Bd6+ Kg8 41. Nf6+ Kh8 42. Be4 Nc6 43. h5 Kg7 44. Ne8+ Kh6 45. Nf6 Bxc4
46. f4 Kg7 47. Ne8+ Kh6 48. Bxh1 Kxh5 49. Be4 h6 50. Bf8 1-0

[Event "XXXIII Mitropa Cup"]
[Site "Ruzomberok SVK"]
[Date "2014.05.26"]
[Round "4.1"]
[White "Brunello, Sabino"]
[Black "Demuth, Adrien"]
[WhiteElo "2582"]
[BlackElo "2476"]
[Result "1/2-1/2"]
[Annotator "ITA-FRA"]
[PlyCount "163"]
[EventDate "2014.05.23"]

1. d4 d5 2. c4 c6 3. Nf3 Nf6 4. Nc3 dxc4 5. a4 Bf5 6. Ne5 Nbd7 7. Nxc4 Nb6 8.
Ne5 a5 9. Bg5 g6 10. e3 Bg7 11. Bd3 Be6 12. O-O Nfd5 13. Nf3 Nb4 14. Be2 O-O
15. h3 h6 16. Bh4 Re8 17. Re1 Nc4 18. Qc1 Nd6 19. Bg3 Bf5 20. Rd1 Nc2 21. Ra2
Nb4 22. Ra3 Rc8 23. Nh4 Be6 24. e4 Qb6 25. Nf3 Nc4 26. Ra1 Red8 27. b3 Nd6 28.
Rb1 f5 29. exf5 Bxf5 30. Rb2 c5 31. d5 c4 32. Bxd6 Nd3 33. Bxd3 cxd3 34. Be5
Qb4 35. Bxg7 Kxg7 36. Qe3 Qxc3 37. Rbd2 Qc5 38. Nd4 Rxd5 39. Rxd3 Re5 40. Nxf5+
Rxf5 41. Qxc5 Rfxc5 42. Rd7 R8c7 43. R1d5 Rc1+ 44. Kh2 b6 45. Rxc7 Rxc7 46. Rb5
Rc6 47. h4 h5 48. Kg3 Kf6 49. Kf4 e6 50. f3 Rd6 51. g4 hxg4 52. fxg4 Rd4+ 53.
Kf3 Rd6 54. Ke4 Rc6 55. Kf4 Rd6 56. Ke4 Rc6 57. h5 g5 58. h6 Rc3 59. Rxb6 Rg3
60. Rb5 Rxg4+ 61. Kf3 Rh4 62. Rxa5 Rxh6 63. Rb5 Rh2 64. a5 e5 65. Rb8 Kf5 66.
Rf8+ Ke6 67. b4 Rh3+ 68. Ke2 Ra3 69. Ra8 Kd6 70. b5 Kc7 71. a6 g4 72. Ra7+ Kb8
73. Re7 g3 74. Rxe5 g2 75. Kf2 Ra2+ 76. Kg1 Rb2 77. Rg5 Ka7 78. Rg7+ Ka8 79.
Rb7 Ra2 80. Kh2 Rxa6 81. bxa6 g1=Q+ 82. Kxg1 1/2-1/2

[Event "XXXIII Mitropa Cup"]
[Site "Ruzomberok SVK"]
[Date "2014.05.26"]
[Round "4.2"]
[White "Brunner, Nicolas"]
[Black "Dvirnyy, Danyyil"]
[WhiteElo "2441"]
[BlackElo "2560"]
[Result "1-0"]
[Annotator "ITA-FRA"]
[PlyCount "73"]
[EventDate "2014.05.23"]

1. d4 Nf6 2. c4 e6 3. Nc3 Bb4 4. Nf3 b6 5. Qb3 c5 6. Bg5 h6 7. Bh4 g5 8. Bg3
Ne4 9. e3 Bb7 10. Bd3 Bxc3+ 11. bxc3 Nxg3 12. hxg3 Nc6 13. Qd1 Qe7 14. O-O h5
15. d5 exd5 16. cxd5 Ne5 17. Nxe5 Qxe5 18. c4 h4 19. g4 h3 20. g3 h2+ 21. Kh1
b5 22. f4 Qg7 23. Qf3 O-O-O 24. cxb5 Kb8 25. e4 gxf4 26. Qxf4+ d6 27. a4 Qd4
28. Be2 Rhe8 29. Bf3 a5 30. bxa6 Bxa6 31. Rfd1 Qe5 32. Rab1+ Ka7 33. Qxf7+ Re7
34. Qf4 Qg7 35. Qd2 Rf8 36. Qa5 Rb7 37. Be2 1-0

[Event "XXXIII Mitropa Cup"]
[Site "Ruzomberok SVK"]
[Date "2014.05.26"]
[Round "4.3"]
[White "Rombaldoni, Denis"]
[Black "Barbot, Pierre"]
[WhiteElo "2485"]
[BlackElo "2413"]
[Result "1-0"]
[Annotator "ITA-FRA"]
[PlyCount "51"]
[EventDate "2014.05.23"]

1. d4 Nf6 2. c4 g6 3. Nc3 d5 4. cxd5 Nxd5 5. e4 Nxc3 6. bxc3 Bg7 7. Qa4+ c6 8.
Nf3 O-O 9. Be2 b5 10. Qa3 Nd7 11. h4 e5 12. h5 exd4 13. cxd4 Re8 14. hxg6 hxg6
15. e5 Qe7 16. Qxe7 Rxe7 17. Ba3 Re8 18. Rc1 Bb7 19. Ng5 f6 20. Ne4 fxe5 21. d5
Rac8 22. Bg4 cxd5 23. Bxd7 Rxc1+ 24. Bxc1 Re7 25. Nc5 Bf8 26. Be6+ 1-0

[Event "XXXIII Mitropa Cup"]
[Site "Ruzomberok SVK"]
[Date "2014.05.26"]
[Round "4.4"]
[White "Vitoux, Colomban"]
[Black "Rombaldoni, Axel"]
[WhiteElo "2402"]
[BlackElo "2510"]
[Result "0-1"]
[Annotator "ITA-FRA"]
[PlyCount "110"]
[EventDate "2014.05.23"]

1. e4 e6 2. d4 d5 3. Nc3 Bb4 4. exd5 exd5 5. Bd3 Nf6 6. Nge2 c6 7. Bg5 h6 8.
Bh4 O-O 9. Qd2 Nbd7 10. O-O-O b5 11. Kb1 a5 12. f3 Nb6 13. Qf4 Be7 14. Ng3 b4
15. Nce2 Nc4 16. Bxc4 dxc4 17. Bxf6 Bxf6 18. Nh5 Be7 19. d5 Bd6 20. Qxc4 Ba6
21. Qg4 g6 22. Neg3 Bc8 23. Qd4 gxh5 24. Nxh5 Qg5 25. Nf6+ Kh8 26. Nd7+ Qg7 27.
Nxf8 Qxd4 28. Rxd4 c5 29. Re4 Bf5 30. Re2 Rxf8 31. g4 Bg6 32. Rhe1 c4 33. b3 a4
34. Kb2 a3+ 35. Kc1 cxb3 36. axb3 Kg7 37. Re8 Bxh2 38. Kb1 Bd6 39. R1e2 Bf4 40.
Ka2 Rxe8 41. Rxe8 h5 42. gxh5 Bxh5 43. Re4 Bd6 44. f4 Kf6 45. Rc4 Bf3 46. c3
bxc3 47. Rxc3 Bxd5 48. Rd3 Ke6 49. Re3+ Kf5 50. Rd3 Ke4 51. Rd1 f5 52. Rf1 Bxf4
53. Kxa3 Be3 54. Ka4 f4 55. b4 Bc4 0-1

[Event "XXXIII Mitropa Cup"]
[Site "Ruzomberok SVK"]
[Date "2014.05.27"]
[Round "5.1"]
[White "Michalik, Peter"]
[Black "Brunello, Sabino"]
[WhiteElo "2557"]
[BlackElo "2582"]
[Result "1/2-1/2"]
[Annotator "ITA-SVK"]
[PlyCount "75"]
[EventDate "2014.05.23"]

1. d4 d5 2. c4 c6 3. Nf3 Nf6 4. cxd5 cxd5 5. Nc3 Nc6 6. Bf4 a6 7. Rc1 Bf5 8. e3
e6 9. Bd3 Bxd3 10. Qxd3 Be7 11. O-O O-O 12. Nd2 Rc8 13. Nb3 Nd7 14. Na4 Nb4 15.
Qb1 Rc4 16. Nc3 Rc8 17. a3 Nc6 18. Na4 Bg5 19. Bxg5 Qxg5 20. Nbc5 Nxc5 21. Nxc5
Qe7 22. b4 Na7 23. a4 Rc7 24. Qd3 Nc8 25. f3 Nd6 26. e4 Nc4 27. a5 Qe8 28. f4
g6 29. Rce1 Qb5 30. exd5 exd5 31. f5 Qxb4 32. Qg3 Rc6 33. Nd7 Nd2 34. fxg6 hxg6
35. Nf6+ Rxf6 36. Rxf6 Ne4 37. Rxe4 dxe4 38. Rxg6+ 1/2-1/2

[Event "XXXIII Mitropa Cup"]
[Site "Ruzomberok SVK"]
[Date "2014.05.27"]
[Round "5.2"]
[White "Godena, Michele"]
[Black "Petrik, Tomas"]
[WhiteElo "2528"]
[BlackElo "2511"]
[Result "1-0"]
[Annotator "ITA-SVK"]
[PlyCount "129"]
[EventDate "2014.05.23"]

1. e4 e6 2. d4 d5 3. Nd2 c5 4. Ngf3 cxd4 5. Nxd4 Nf6 6. exd5 Qxd5 7. Nb5 Na6 8.
Nc3 Qd8 9. a3 Be7 10. Qf3 Nc5 11. Nc4 Nd5 12. Bd2 O-O 13. b4 Na6 14. Rd1 Nac7
15. Bd3 Bg5 16. O-O Bxd2 17. Rxd2 Qe7 18. Be4 Nxc3 19. Qxc3 Nd5 20. Bxd5 exd5
21. Ne3 Be6 22. Nxd5 Qg5 23. Qe3 Qxe3 24. fxe3 Bxd5 25. Rxd5 Rae8 26. Rf3 Rc8
27. Rd7 b5 28. Rxa7 Rxc2 29. Rb7 g6 30. h3 Rc3 31. e4 Rxf3 32. gxf3 Ra8 33.
Rxb5 Rxa3 34. Kf2 Rb3 35. h4 Kg7 36. Rb6 Kh6 37. Kg3 Kg7 38. e5 Kf8 39. Rb7 h6
40. Kf4 Rc3 41. b5 Rc4+ 42. Kg3 g5 43. hxg5 hxg5 44. b6 Rb4 45. Rb8+ Kg7 46.
Kf2 Rb5 47. Ke3 Rxe5+ 48. Kd4 Rf5 49. Rd8 Rb5 50. Rd6 Kf8 51. Kc4 Rb1 52. Kc5
Ke7 53. Rd5 Rb3 54. Kc6 Rc3+ 55. Kb5 Rxf3 56. b7 Rb3+ 57. Kc6 Rxb7 58. Kxb7 g4
59. Kc6 Kf6 60. Kc5 g3 61. Rd3 Ke5 62. Rxg3 Ke4 63. Kc4 f5 64. Kc3 f4 65. Rh3
1-0

[Event "XXXIII Mitropa Cup"]
[Site "Ruzomberok SVK"]
[Date "2014.05.27"]
[Round "5.3"]
[White "Jurcik, Marian"]
[Black "Rombaldoni, Denis"]
[WhiteElo "2469"]
[BlackElo "2485"]
[Result "1/2-1/2"]
[Annotator "ITA-SVK"]
[PlyCount "58"]
[EventDate "2014.05.23"]

1. c4 e6 2. Nf3 d5 3. d4 Nf6 4. Bg5 Bb4+ 5. Nbd2 dxc4 6. a3 Bxd2+ 7. Qxd2 Qd5
8. Bxf6 gxf6 9. g3 Nc6 10. Bg2 Qa5 11. Rc1 b5 12. b3 Rb8 13. e3 Ba6 14. O-O
Qxd2 15. Nxd2 Na5 16. b4 Nb7 17. a4 Nd6 18. Bc6+ Ke7 19. axb5 Bxb5 20. Bxb5
Rxb5 21. Nxc4 Rxb4 22. Nxd6 Kxd6 23. Rc5 Rhb8 24. Ra5 R8b7 25. Kg2 R4b5 26.
Ra6+ R5b6 27. Ra5 Rb5 28. Ra6+ R5b6 29. Ra5 Rb5 1/2-1/2

[Event "XXXIII Mitropa Cup"]
[Site "Ruzomberok SVK"]
[Date "2014.05.27"]
[Round "5.4"]
[White "Rombaldoni, Axel"]
[Black "Mazur, Stefan"]
[WhiteElo "2510"]
[BlackElo "2426"]
[Result "0-1"]
[Annotator "ITA-SVK"]
[PlyCount "88"]
[EventDate "2014.05.23"]

1. d4 d5 2. c4 dxc4 3. Nf3 Nf6 4. e3 Bg4 5. Nbd2 e6 6. Nxc4 Bb4+ 7. Bd2 Bxd2+
8. Qxd2 Bxf3 9. gxf3 O-O 10. f4 Qd5 11. Rg1 Nbd7 12. Rg5 Qc6 13. Na5 Qb6 14.
Rb5 Qd6 15. Nxb7 Qc6 16. Na5 Qh1 17. f3 Qxf3 18. Bg2 Qg4 19. Qf2 c5 20. Bf3 Qf5
21. Nc6 Kh8 22. Rd1 Ne4 23. Qg2 Nd6 24. Rb3 c4 25. Ra3 Rae8 26. Rxa7 Nf6 27.
Kf1 Nd5 28. Re1 Qd3+ 29. Kf2 Nf5 30. Be4 Nfxe3 31. Bxd3 Nxg2 32. Rb1 cxd3 33.
Kxg2 Rc8 34. Ra6 d2 35. Kf3 Nb4 36. Ra4 Rxc6 37. Rd1 Nd5 38. Rxd2 Rb8 39. Ra7
Kg8 40. a4 g6 41. a5 Rb3+ 42. Kf2 Kg7 43. Ra8 Nb4 44. Kg2 Ra6 0-1

[Event "XXXIII Mitropa Cup"]
[Site "Ruzomberok SVK"]
[Date "2014.05.28"]
[Round "6.1"]
[White "Dvirnyy, Danyyil"]
[Black "Repka, Christopher"]
[WhiteElo "2560"]
[BlackElo "2352"]
[Result "1/2-1/2"]
[Annotator "ITA-SVK2"]
[PlyCount "94"]
[EventDate "2014.05.23"]

1. e4 e6 2. d4 d5 3. Nd2 Nf6 4. e5 Nfd7 5. c3 c5 6. Bd3 Nc6 7. Ngf3 h5 8. O-O
g5 9. dxc5 g4 10. Nd4 Ncxe5 11. Bb5 Bxc5 12. Qe2 Qf6 13. b4 Bb6 14. Kh1 a6 15.
Ba4 Bxd4 16. cxd4 Nc4 17. Nxc4 dxc4 18. f3 b5 19. fxg4 Qh4 20. g5 Bb7 21. Bc2
Qg4 22. Qxg4 hxg4 23. Bf4 Rg8 24. Rae1 Nf8 25. Bd1 Ng6 26. Be3 Nh4 27. Rf2 g3
28. hxg3 Nf5 29. Bf4 O-O-O 30. Be5 Rd7 31. Bh5 Rxg5 32. g4 Nxd4 33. Bxf7 Nf3
34. Rxf3 Bxf3 35. Bxe6 Bxg4 36. Bxd7+ Bxd7 37. Bf4 Rf5 38. Bg3 Rd5 39. Re2 Bf5
40. Re5 Rxe5 41. Bxe5 Kd7 42. Kg1 Ke6 43. Bg7 Kd5 44. Kf2 Bb1 45. a3 Ke4 46.
Ke2 Bd3+ 47. Kd2 Kf4 1/2-1/2

[Event "XXXIII Mitropa Cup"]
[Site "Ruzomberok SVK"]
[Date "2014.05.28"]
[Round "6.2"]
[White "Druska, Juraj"]
[Black "Godena, Michele"]
[WhiteElo "2364"]
[BlackElo "2528"]
[Result "0-1"]
[Annotator "ITA-SVK2"]
[PlyCount "68"]
[EventDate "2014.05.23"]

1. e4 e5 2. Nf3 Nc6 3. Bc4 Bc5 4. O-O d6 5. c3 Nf6 6. b4 Bb6 7. d3 Ne7 8. h3
Ng6 9. Nbd2 O-O 10. Re1 c6 11. Bb3 h6 12. Nf1 a5 13. Ng3 Re8 14. a3 d5 15. Qc2
Be6 16. Bb2 Qd6 17. Rad1 Rad8 18. d4 Nxe4 19. dxe5 Nxe5 20. Nxe4 Nxf3+ 21. gxf3
Qf4 22. Bc1 Qh4 23. Nc5 Qxh3 24. Qd3 Bf5 25. Qd4 Bc7 26. f4 Qg4+ 27. Kf1 Qh3+
28. Kg1 Rxe1+ 29. Rxe1 Rd6 30. Re8+ Kh7 31. Re3 Rg6+ 32. Rg3 Rxg3+ 33. fxg3
Qxg3+ 34. Kf1 b6 0-1

[Event "XXXIII Mitropa Cup"]
[Site "Ruzomberok SVK"]
[Date "2014.05.28"]
[Round "6.3"]
[White "Rombaldoni, Denis"]
[Black "Nayhebaver, Martin"]
[WhiteElo "2485"]
[BlackElo "2309"]
[Result "1-0"]
[Annotator "ITA-SVK2"]
[PlyCount "119"]
[EventDate "2014.05.23"]

1. d4 Nf6 2. Bg5 c6 3. Bxf6 gxf6 4. c4 d5 5. e3 Bf5 6. Nc3 e6 7. cxd5 cxd5 8.
Bd3 Bxd3 9. Qxd3 Nc6 10. Nf3 f5 11. O-O Rc8 12. Rfc1 Bd6 13. Na4 O-O 14. Nc5
Qe7 15. Qb5 Rc7 16. Rc3 Rfc8 17. Rac1 Nd8 18. g3 Rc6 19. Nd3 Rxc3 20. Rxc3 Rxc3
21. bxc3 a6 22. Qa4 Nc6 23. c4 dxc4 24. Qxc4 Na5 25. Qc8+ Qf8 26. Qc3 Qd8 27.
d5 Qc7 28. Qd4 Qe7 29. g4 exd5 30. Qxd5 fxg4 31. Ng5 h6 32. Ne4 Bc7 33. Qf5 Qe6
34. Nf6+ Kf8 35. Qxe6 fxe6 36. Nxg4 h5 37. Nf6 h4 38. Ne4 Ke7 39. Ndc5 Bd6 40.
Kg2 Bxc5 41. Nxc5 Kd6 42. Nd3 Nc6 43. Kh3 e5 44. e4 Ke7 45. Kxh4 Kf6 46. Nc5
Nb4 47. a3 Nc2 48. a4 b5 49. a5 b4 50. Nxa6 b3 51. Nc7 b2 52. Nd5+ Ke6 53. Nc3
Kd6 54. Kg4 Nd4 55. h4 Ne2 56. Nb1 Kc5 57. a6 Kb6 58. h5 Nf4 59. h6 Ng6 60. h7
1-0

[Event "XXXIII Mitropa Cup"]
[Site "Ruzomberok SVK"]
[Date "2014.05.28"]
[Round "6.4"]
[White "Gazik, Viktor"]
[Black "Rombaldoni, Axel"]
[WhiteElo "2176"]
[BlackElo "2510"]
[Result "0-1"]
[Annotator "ITA-SVK2"]
[PlyCount "102"]
[EventDate "2014.05.23"]

1. b3 e5 2. Bb2 Nc6 3. e3 Nf6 4. Bb5 Bd6 5. Na3 Na5 6. Be2 a6 7. c4 Qe7 8. Nc2
c5 9. Nf3 O-O 10. d3 Bc7 11. e4 Nc6 12. O-O b5 13. Ne3 d6 14. Nh4 g6 15. f4
bxc4 16. bxc4 Rb8 17. Bc3 Nxe4 18. Nxg6 fxg6 19. dxe4 Nd4 20. Nd5 Qg7 21. fxe5
Rxf1+ 22. Qxf1 Qxe5 23. Qf2 Bd8 24. Rf1 Qg7 25. Bd3 Be6 26. Qf4 Be7 27. Kh1 Rf8
28. Qc1 Rxf1+ 29. Qxf1 Bg5 30. Nf4 Bf7 31. g3 Qe5 32. Qf2 Kg7 33. Ne2 Bf6 34.
Nf4 Qg5 35. h3 Be5 36. Bd2 Qd8 37. Kg2 Qd7 38. Bc3 Qa4 39. Nd5 Qd1 40. Bd2 Be6
41. Bf1 Qh5 42. h4 Bg4 43. Nf4 Bf3+ 44. Kh2 Bxf4 45. Bxf4 Bxe4 46. Bxd6 Nf3+
47. Kh3 Qf5+ 48. g4 Qf6 49. Qg3 h5 50. gxh5 Qe6+ 51. Qg4 Bf5 0-1

[Event "XXXIII Mitropa Cup"]
[Site "Ruzomberok SVK"]
[Date "2014.05.29"]
[Round "7.1"]
[White "Zilka, Stepan"]
[Black "Brunello, Sabino"]
[WhiteElo "2549"]
[BlackElo "2582"]
[Result "1-0"]
[Annotator "ITA-CZE"]
[PlyCount "81"]
[EventDate "2014.05.23"]

1. d4 Nf6 2. c4 g6 3. Nc3 d5 4. cxd5 Nxd5 5. e4 Nxc3 6. bxc3 Bg7 7. Bc4 c5 8.
Ne2 O-O 9. O-O Qa5 10. Rb1 Nd7 11. Bf4 a6 12. a4 e5 13. Bg3 Nb6 14. Bb3 c4 15.
Bc2 Rd8 16. Rb4 Bd7 17. d5 Bf8 18. Bxe5 Bxb4 19. cxb4 Qxb4 20. Bc3 Qc5 21. Bd4
Qc7 22. Nc3 f5 23. Qf3 Nc8 24. exf5 Rf8 25. f6 Ne7 26. g4 Rae8 27. Qh3 Qf4 28.
fxe7 Qxd4 29. exf8=Q+ Rxf8 30. Bd1 b5 31. axb5 axb5 32. Qe3 Rf4 33. h3 b4 34.
Na2 c3 35. Bb3 Qf6 36. d6+ Kf8 37. Re1 g5 38. Qe7+ Qxe7 39. Rxe7 Bb5 40. Re5
Bc4 41. d7 1-0

[Event "XXXIII Mitropa Cup"]
[Site "Ruzomberok SVK"]
[Date "2014.05.29"]
[Round "7.2"]
[White "Dvirnyy, Danyyil"]
[Black "Krejci, Jan"]
[WhiteElo "2560"]
[BlackElo "2525"]
[Result "1/2-1/2"]
[Annotator "ITA-CZE"]
[PlyCount "74"]
[EventDate "2014.05.23"]

1. c4 Nf6 2. g3 c6 3. Bg2 d5 4. Nf3 Bg4 5. Ne5 Be6 6. cxd5 Bxd5 7. Nf3 c5 8.
Nc3 Bc6 9. O-O e6 10. Re1 Nbd7 11. e4 e5 12. a4 g6 13. d3 Bg7 14. Nd2 O-O 15.
Nc4 Re8 16. Be3 b6 17. a5 Rb8 18. axb6 axb6 19. Nd6 Re7 20. Ndb5 Nf8 21. Qb3
Rd7 22. Red1 Ne6 23. Na7 Ba8 24. Qa4 Ng4 25. Nc6 Bxc6 26. Qxc6 Nxe3 27. fxe3
Rxd3 28. Nd5 Rxd1+ 29. Rxd1 b5 30. Bh3 Qe8 31. Qd6 Rd8 32. Qb6 Kh8 33. Rf1 Rb8
34. Qa7 Ra8 35. Qb7 Rb8 36. Qa7 Ra8 37. Qb7 Rb8 1/2-1/2

[Event "XXXIII Mitropa Cup"]
[Site "Ruzomberok SVK"]
[Date "2014.05.29"]
[Round "7.3"]
[White "Biolek, Richard jr"]
[Black "Rombaldoni, Denis"]
[WhiteElo "2418"]
[BlackElo "2485"]
[Result "1/2-1/2"]
[Annotator "ITA-CZE"]
[PlyCount "64"]
[EventDate "2014.05.23"]

1. d4 Nf6 2. c4 e6 3. Nc3 Bb4 4. e3 O-O 5. Bd3 d5 6. Nf3 b6 7. a3 Bxc3+ 8. bxc3
dxc4 9. Bxc4 c5 10. O-O Qc7 11. Qe2 Bb7 12. Bd3 Ne4 13. Qc2 f5 14. c4 Nd7 15.
Bb2 cxd4 16. exd4 Rac8 17. Qe2 Rf6 18. d5 Rh6 19. Bxe4 fxe4 20. Qxe4 Qxc4 21.
Qxc4 Rxc4 22. dxe6 Rxe6 23. Nd4 Rg6 24. f3 Ne5 25. Rac1 Rxc1 26. Rxc1 Nxf3+ 27.
Nxf3 Bxf3 28. Rc8+ Kf7 29. Rc7+ Ke6 30. Rxg7 Rxg7 31. Bxg7 Bc6 32. Kf2 Kd5
1/2-1/2

[Event "XXXIII Mitropa Cup"]
[Site "Ruzomberok SVK"]
[Date "2014.05.29"]
[Round "7.4"]
[White "Rombaldoni, Axel"]
[Black "Nguyen, Thai Dai Van"]
[WhiteElo "2510"]
[BlackElo "2239"]
[Result "1-0"]
[Annotator "ITA-CZE"]
[PlyCount "105"]
[EventDate "2014.05.23"]

1. d4 Nf6 2. Bg5 Ne4 3. h4 d5 4. Nd2 Bf5 5. Nxe4 Bxe4 6. f3 h6 7. Bf4 Bh7 8. e3
e6 9. Bd3 Bxd3 10. Qxd3 c6 11. h5 Bd6 12. Ne2 Bxf4 13. Nxf4 Nd7 14. O-O-O Qa5
15. Kb1 O-O-O 16. c4 Qa6 17. cxd5 Qxd3+ 18. Rxd3 cxd5 19. g4 Rhe8 20. Rg1 f6
21. Rc1+ Kb8 22. Rdc3 Nf8 23. Rc7 e5 24. dxe5 fxe5 25. Ng6 Ne6 26. Rf7 d4 27.
e4 Ng5 28. Rf5 d3 29. Rd1 Rd4 30. Nxe5 d2 31. b3 a6 32. Kb2 Nh3 33. Nc4 Red8
34. Rd5 R4xd5 35. exd5 Ng5 36. Rxd2 Nxf3 37. Rd3 Ng5 38. Ne3 Ne4 39. Nf5 Rd7
40. d6 Nf6 41. Rd4 b5 42. a4 Kb7 43. axb5 axb5 44. Kc3 Kc6 45. Ne7+ Kc5 46. b4+
Kb6 47. Kd3 Kb7 48. Ke3 Ne8 49. Nf5 Kc6 50. Kf4 Rb7 51. Rd1 Rf7 52. Ke5 Kd7 53.
Ra1 1-0

[Event "XXXIII Mitropa Cup"]
[Site "Ruzomberok SVK"]
[Date "2014.05.30"]
[Round "8.1"]
[White "Brunello, Sabino"]
[Black "Baramidze, David"]
[WhiteElo "2582"]
[BlackElo "2619"]
[Result "1/2-1/2"]
[Annotator "ITA-GER"]
[PlyCount "99"]
[EventDate "2014.05.23"]

1. d4 d5 2. c4 e6 3. Nc3 Nf6 4. cxd5 exd5 5. Bg5 c6 6. Qc2 Be7 7. e3 Nbd7 8.
Bd3 Nh5 9. Bxe7 Qxe7 10. O-O-O Nb6 11. h3 g6 12. Nf3 Ng7 13. g4 Be6 14. Kb1
O-O-O 15. Na4 Nxa4 16. Qxa4 Kb8 17. Rc1 Ne8 18. Rc3 Nd6 19. Rhc1 Nc4 20. Qd1 h5
21. Bxc4 dxc4 22. Ne5 hxg4 23. hxg4 c5 24. Nxc4 cxd4 25. exd4 Qf6 26. Rd3 Bxc4
27. Rxc4 Qxf2 28. a3 Qg2 29. Ka2 Rh1 30. Qb3 Qxg4 31. d5 Qf5 32. Rc2 Rh5 33. d6
Qe6 34. Rc7 Rb5 35. Qxe6 fxe6 36. Re7 e5 37. Re6 g5 38. Rg3 e4 39. Rg6 Rd5 40.
R3xg5 R8xd6 41. Rxd6 Rxg5 42. Re6 Rg4 43. Kb3 Kc7 44. Re7+ Kc6 45. Kc4 a5 46.
Kd4 Rg2 47. Rxe4 Rxb2 48. Kc3 Rb1 49. Kc2 Rb5 50. Rh4 1/2-1/2

[Event "XXXIII Mitropa Cup"]
[Site "Ruzomberok SVK"]
[Date "2014.05.30"]
[Round "8.2"]
[White "Heimann, Andreas"]
[Black "Godena, Michele"]
[WhiteElo "2524"]
[BlackElo "2528"]
[Result "1/2-1/2"]
[Annotator "ITA-GER"]
[PlyCount "60"]
[EventDate "2014.05.23"]

1. d4 d5 2. c4 dxc4 3. e4 b5 4. a4 c6 5. Nc3 a6 6. axb5 cxb5 7. Nxb5 axb5 8.
Rxa8 Bb7 9. Ra1 e6 10. Nf3 Nf6 11. Be2 Nxe4 12. O-O Nc6 13. Be3 Qd5 14. b3 cxb3
15. Qd3 Bb4 16. Qxb5 Qxb5 17. Bxb5 O-O 18. Rfb1 b2 19. Rxb2 Bc3 20. Rab1 Bxb2
21. Rxb2 Ba8 22. Bd3 Rb8 23. Rxb8+ Nxb8 24. Ne5 Nf6 25. Bb5 Bb7 26. Bd2 Ne4 27.
Bf4 Nc3 28. Bc4 Nc6 29. Nxc6 Bxc6 30. Bd2 Bb5 1/2-1/2